=LDR 00000nam 2200000 4500 =001 INLIS000000000007105 =005 20130612095147 =008 ***********************************Ind** =035 ##$$0010-061300000007105 =041 ##$$a Ind =082 ##$$a 275.98 =090 ##$$a 275.98, Sup r =100 ##$$a Suparno, Paul =245 ##$$a Renungan minggu tahun 13, DR. Paul Suparno, Sj =260 ##$$a 1997 $b Yogyakarta =300 ##$$a 193 hlm., ilus, 21 cm =650 ##$$a Sejarah Gereja =850 ##$$a NBPNMAT